01844 2200181 4500001002100000005001500021035002000036245008200056100001800138250001700156300003400173260003400207082001100241084001700252020002200269650002400291520134700315INLIS00000000000104020250430061615 a0010-04250000351 aAku Cinta Bahasa Arab 1 :buntuk Kelas I Madrasah Ibtidaiyah /cSunaryo Putro0 aSunaryo Putro acetakan ke-1 axii, 164 hlm :bilus ;c25 cm aSolo :bTiga Serangkai,c2017 a372.84 a372.84 SUN a a978-602-257-740-9 4aBuku Teks Pelajaran aBahasa Arab berfungsi sebagai bahasa agama, ilmu pengetahuan, dan komunikasi. Meng-ajarkannya sejak dini merupakan usaha yang baik untuk membantu anak didik dalam me-nguasai bahasa Arab. Buku Aku Cinta Bahasa Arab ini disusun berdasarkan Kurikulum Madrasah Tahun 2013. Oleh karena itu, kemampuan dalam beraktivitas dengan bahasa Arab menjadi barometer keberhasilan dalam pengajaran bahasa Arab. Untuk mewujudkan-nya, materi buku ini meliputi beberapa subbahasan berikut. Al-Istima, disajikan berupa kosakata yang dibacakan oleh guru untuk ditirukan siswa agar siswa dapat mengucapkan dan memahami arti kata-kata bahasa Arab dengan baik dan benar. Al-Kal?m, disajikan berupa percakapan berbahasa Arab yang dilakukan siswa, baik dengan guru maupun temannya di kelas. Al-Qira'ah, disajikan berupa kegiatan membaca teks bacaan berbahasa Arab untuk meningkatkan kemampuan siswa dalam membaca tulisan Arab. Al-Kit?bah, disajikan berupa kegiatan menulis kata-kata atau kalimat berbahasa Arab untuk meningkatkan kemampuan siswa dalam menulis tulisan Arab dengan baik dan benar. Selain itu, di dalam buku ini juga dilengkapi dengan kegiatan-kegiatan untuk melatih siswa agar dapat berinteraksi dengan orang lain dengan baik, seperti kegiatan bersama guru dan kegiatan bersama teman di kelas serta kegiatan bersama orang tua di rumah.